MARC

LEADER 00000nam0a2200000 4500
001 296112
005 20231102000856.0
020 |a RU  |b 81-22121 
035 |a (RuTPU)RU\TPU\book\321206 
090 |a 296112 
100 |a 20150528d1984 km y0rusy5003 ca 
101 0 |a rus 
102 |a MD 
105 |a a z 001zy 
200 1 |a Исследования по функциональному анализу и дифференциальным уравнениям  |e математические науки: межвузовский сборник  |f Кишиневский государственный университет (КГУ) ; под ред. Б. А. Щербакова 
210 |a Кишинев  |c Штиинца  |d 1984 
215 |a 154 с.  |c ил. 
320 |a Библиография в конце статей 
606 1 |a Функциональный анализ  |2 stltpush  |3 (RuTPU)RU\TPU\subj\17110  |9 42934 
606 1 |a Дифференциальные уравнения  |2 stltpush  |3 (RuTPU)RU\TPU\subj\9693  |9 36875 
610 1 |a исследования 
610 1 |a линейные операторы 
610 1 |a спектральная теория 
610 1 |a сингулярные операторы 
610 1 |a банаховы алгебры 
610 1 |a конечномерные представления 
610 1 |a интегральные операторы 
610 1 |a обыкновенные дифференциальные уравнения 
610 1 |a линейные системы 
610 1 |a устойчивость по Ляпунову 
675 |a 517.98  |z rus  |v 4 
675 |a 517.9  |z rus  |v 4 
702 1 |a Щербаков  |b Б. А.  |g Борис Алексеевич  |4 340 
712 0 2 |a Кишиневский государственный университет (КГУ)  |c (1946-1990)  |2 stltpush  |3 (RuTPU)RU\TPU\col\7401 
801 0 |a RU  |b RuMRKP  |c 19950704  |g psbo 
801 1 |a RU  |b 63413507  |c 20150528 
801 2 |a RU  |b 63413507  |c 20180528  |g RCR 
942 |c BK